1998 Songs - Statistics

General Stats
  • This quiz has been taken 44 times
  • The average score is 12 of 24
Answer Stats
Song Artist % Correct
...Baby One More Time Britney Spears
92%
My Heart Will Go On Céline Dion
92%
Gettin' Jiggy wit It Will Smith
85%
I Don't Want to Miss a Thing Aerosmith
82%
Believe Cher
72%
Ray of Light Madonna
69%
You're Still the One Shania Twain
69%
Doo-Wop (That Thing) Lauryn Hill
64%
The Boy is Mine Brandy & Monica
62%
Pretty Fly (For a White Guy) The Offspring
51%
Viva Forever Spice Girls
49%
My All Mariah Carey
46%
La Copa de La Vida Ricky Martin
46%
All I Have to Give Backstreet Boys
41%
This Kiss Faith Hill
41%
The Rockafeller Skank Fatboy Slim
41%
Closing Time Semisonic
41%
Everybody Get Up Five
36%
Thank U Alanis Morissette
31%
Nice & Slow Usher
31%
Changes 2Pac
23%
Too Close Next
23%
All Around the World Oasis
21%
All My Life K-Ci & JoJo
13%
No matching quizzes found
Score Distribution
Percent of People with Each Score
Percentile by Number Answered
Your Score History
You have not taken this quiz